000
00288nam a2200145Ia 4500
100
_a
Bander/ R.G. ed
650
_a
General
942
_c
BK
654
_a
Paneling
245
_a
Paneling
260
_b
Lane Pub.
_a
California
_c
1980
082
_a
698
300
_a
80
546
_a
ENGLISH
999
_c
20416
_d
20416